[Event "Tourn. n8622"]
[Site "www.chess-mail.com"]
[Date "2016.02.09"]
[Round "1"]
[White "Biggles"]
[Black "Paul30"]
[WhiteElo "1719"]
[BlackElo "1499"]
[Result "1-0"]
[Round "1"]
1.e4 e6
2.d4 d5
3.Nb1c3 Bf8b4
4.e5 c5
5.a3 Bb4xc3
6.bxc3 Ng8e7
7.Qd1g4 O-O
8.f4 cxd4
9.cxd4 Nb8c6
10.Ng1f3 Ne7f5
11.c3 Qd8b6
12.Bf1d3 Qb6b3
13.Bc1d2 Qb3b2
14.Ra1b1 Qb2xa3
15.O-O Qa3e7
16.Bd3xf5 exf5
17.Qg4h3 Nc6d8
18.Nf3g5 h6
19.Ng5f3 b6
20.Rf1f2 Bc8e6
21.Rb1b3 Nd8c6
22.Bd2c1 Rf8c8
23.Bc1a3 Qe7d7
24.Ba3d6 Nc6a5
25.Rb3a3 Na5c4
26.Ra3a1 Nc4xd6
27.exd6 Rc8xc3
28.Nf3e5 Qd7c8
29.Rf2f3 Rc3xf3
30.Qh3xf3 Qc8d7
31.Ne5xd7 { resign }
1-0

[Event "Tourn. n8621"]
[Site "www.chess-mail.com"]
[Date "2016.02.09"]
[Round "1"]
[White "Darko10"]
[Black "Goofy"]
[WhiteElo "2510"]
[BlackElo "2340"]
[Result "1-0"]
[Round "1"]
1.e4 d5
2.exd5 Ng8f6
3.Ng1f3 Bc8g4
4.Bf1b5 Nb8d7
5.h3 Bg4h5
6.Nb1c3 a6
7.Bb5e2 Nd7b6
8.O-O Nf6xd5
9.Nf3e5 Nd5xc3
10.Be2xh5 g6
11.dxc3 gxh5
12.Qd1xh5 Qd8d5
13.Bc1f4 Bf8g7
14.Ra1d1 Qd5e6
15.Rf1e1 Bg7xe5
16.Re1xe5 Qe6g6
17.Re5xe7 Kxe7
18.Qh5c5 Ke8
19.Rd1e1 { resign }
1-0

[Event "Tourn. n8624"]
[Site "www.chess-mail.com"]
[Date "2016.02.09"]
[Round "1"]
[White "Gatrooper"]
[Black "Biggles"]
[WhiteElo "1680"]
[BlackElo "1719"]
[Result "0-1"]
[Round "1"]
1.e4 e5
2.a3 Nb8c6
3.Ng1f3 Ng8f6
4.d3 d5
5.exd5 Nf6xd5
6.Nb1c3 Bc8e6
7.Nc3xd5 Be6xd5
8.c4 Bd5e6
9.Bc1g5 Bf8e7
10.Bg5e3 Qd8d7
11.h3 O-O-O
12.a4 h6
13.Qd1b3 f5
14.a5 f4
15.Be3d2 Nc6d4
16.Nf3xd4 Qd7xd4
17.a6 b6
18.Bd2c3 Qd4d7
19.Qb3d1 Be7c5
20.Qd1f3 c6
21.Bc3xe5 Be6xc4
22.Ra1d1 Bc4xa6
23.Be5xf4 Rh8f8
24.g3 g5
25.Bf1e2 gxf4
26.gxf4 Bc5b4
27.Kf1 Kc7
28.Rd1a1 Kb7
29.Rh1g1 Ba6xd3
30.Be2xd3 Qd7xd3
31.Qf3xd3 Rd8xd3
32.Rg1g4 Rd3xh3
33.Rg4g7 Kb8
34.Ra1xa7 Bb4c5
35.Rg7b7 Kc8
36.Rb7c7 Kd8
37.Rc7b7 Kc8
38.Rb7h7 Bc5d6
39.Ra7a8 Bd6b8
40.Rh7a7 Rh3f3
41.Ke2 Rf3xf4
42.Ra7a3 Rf4xf2
43.Ke1 Rf2xb2
44.Ra3d3 Rf8g8
45.Kf1 h5
46.Ra8a1 h4
47.Ra1c1 c5
48.Rd3h3 Rg8f8
49.Kg1 Bb8g3
50.Rc1f1 Rf8xf1
51.Kxf1 c4
52.Kg1 c3
{ resign }
0-1

[Event "Tourn. n8568"]
[Site "www.chess-mail.com"]
[Date "2016.02.09"]
[Round "1"]
[White "Duff"]
[Black "Battlechess"]
[WhiteElo "1700"]
[BlackElo "1620"]
[Result "1-0"]
[Round "1"]
1.e4 c5
2.Ng1f3 d6
3.d4 cxd4
4.Nf3xd4 Ng8f6
5.Nb1c3 g6
6.Bc1e3 Bf8g7
7.Qd1d2 Nb8c6
8.O-O-O Qd8a5
9.Nd4b3 Qa5d8
10.f3 Bc8e6
11.Bf1b5 O-O
12.h4 a6
13.Bb5xc6 bxc6
14.g4 a5
15.Nb3d4 Be6d7
16.h5 Ra8b8
17.Be3g5 c5
18.Nd4b3 a4
19.Nb3a1 Qd8a5
20.a3 Rb8b7
21.hxg6 hxg6
{ time. }
1-0

[Event "Tourn. n8571"]
[Site "www.chess-mail.com"]
[Date "2016.02.09"]
[Round "1"]
[White "Genius5"]
[Black "Julian"]
[WhiteElo "1820"]
[BlackElo "1990"]
[Result "0-1"]
[Round "1"]
1.c4 Ng8f6
2.Nb1c3 c6
3.d4 d5
4.cxd5 cxd5
5.Ng1f3 Nb8c6
6.g3 e6
7.Bf1g2 a6
8.O-O Bf8d6
9.Bc1g5 O-O
10.Bg5xf6 Qd8xf6
11.e3 b5
12.Ra1c1 Bc8b7
13.Qd1e2 Ra8c8
14.a3 Rf8d8
 { time }
0-1

[Event "Tourn. n8551"]
[Site "www.chess-mail.com"]
[Date "2016.02.09"]
[Round "1"]
[White "Faerieking"]
[Black "Gearoid"]
[WhiteElo "2260"]
[BlackElo "2370"]
[Result "0-1"]
[Round "1"]
1.e4 e6
2.d4 d5
3.Nb1c3 Ng8f6
4.Bc1g5 Bf8b4
5.e5 h6
6.Bg5d2 Bb4xc3
7.bxc3 Nf6e4
8.Qd1g4 g6
9.h4 c5
10.Bf1d3 Ne4xd2
11.Kxd2 Nb8c6
12.Ng1f3 cxd4
13.cxd4 Qd8a5
14.c3 b6
15.Rh1h3 Bc8b7
16.Bd3xg6 fxg6
17.Qg4xg6 Kd7
18.Qg6g7 Nc6e7
19.h5 Ra8c8
20.Ra1c1 Rh8g8
21.Qg7xh6 Rg8xg2
{ resign }
0-1

[Event "Tourn. n8565"]
[Site "www.chess-mail.com"]
[Date "2016.02.09"]
[Round "1"]
[White "Hundegana"]
[Black "Osopanda"]
[WhiteElo "1980"]
[BlackElo "1940"]
[Result "0-1"]
[Round "1"]
1.e4 c5
2.Bf1c4 e6
3.Ng1f3 Nb8c6
4.c3 d6
5.d4 cxd4
6.cxd4 Ng8f6
7.Nb1c3 a6
8.a3 Bf8e7
9.O-O O-O
10.b4 b5
11.Bc4a2 Qd8b6
12.Bc1e3 Qb6c7
13.Rf1e1 Bc8b7
14.d5 Nc6e5
15.Ra1c1 Ne5xf3
16.Qd1xf3 e5
17.Nc3xb5 Qc7xc1
18.Re1xc1 axb5
19.h3 Ra8xa3
20.Rc1c2 Rf8a8
21.Ba2b1 Ra3a1
22.Rc2c1 Be7d8
23.g4 Nf6d7
24.Qf3e2 Nd7f6
25.Kg2 h6
26.Qe2xb5 Bb7c8
27.Kf3 Bc8a6
28.Qb5c6 Ra8c8
29.Qc6xd6 Rc8xc1
30.Be3xc1 Ra1xb1
31.Qd6xd8 Kh7
32.Bc1d2 Ba6d3
33.Ke3 Bd3xe4
34.d6 Rb1b3
35.Ke2 Nf6d5
36.d7 Be4f3
37.Kf1 Rb3b1
38.Bd2e1 Nd5f4
39.Qd8c7 Bf3g2
40.Kg1 Rb1xe1
41.Kh2 Re1h1
42.Kg3 Rh1xh3
{ resign }
0-1

[Event "Tourn. n8549"]
[Site "www.chess-mail.com"]
[Date "2016.02.09"]
[Round "1"]
[White "Sfalcao"]
[Black "Genius7"]
[WhiteElo "2050"]
[BlackElo "2160"]
[Result "0-1"]
[Round "1"]
1.e4 d6
2.d4 Ng8f6
3.Nb1c3 g6
4.f4 Bf8g7
5.Ng1f3 O-O
6.Bf1d3 c5
7.d5 e6
8.dxe6 { time. }
0-1

[Event "Tourn. n8527"]
[Site "www.chess-mail.com"]
[Date "2016.02.09"]
[Round "1"]
[White "Genius7"]
[Black "Xkafi"]
[WhiteElo "2110"]
[BlackElo "2020"]
[Result "0-1"]
[Round "1"]
1.e4 e5
2.Bf1c4 Bf8c5
3.Ng1f3 d6
4.d3 h6
5.O-O Bc8g4
6.Bc1e3 Bc5xe3
7.fxe3 f6
8.Qd1e1 h5
9.Bc4xg8 Rh8xg8
10.Nb1d2 g5
11.h3 Bg4e6
12.Kh1 g4
13.Nf3g1 gxh3
14.Ng1xh3 Nb8d7
15.Rf1f3 Qd8e7
16.Rf3g3 O-O-O
17.Qe1f2 Rg8xg3
18.Qf2xg3 Qe7h7
19.b3 h4
20.Qg3f3 Rd8g8
21.d4 Rg8g3
22.Qf3f1 Rg3xe3
23.dxe5 dxe5
24.Ra1e1 Re3c3
25.Re1c1 Qh7h6
26.Nd2f3 Nd7c5
27.Qf1e1 Rc3xf3
{ resign }
0-1

[Event "Tourn. n8592"]
[Site "www.chess-mail.com"]
[Date "2016.02.09"]
[Round "1"]
[White "Orhany24"]
[Black "Julian"]
[WhiteElo "2070"]
[BlackElo "2000"]
[Result "1-0"]
[Round "1"]
1.e4 c5
2.Ng1f3 d6
3.d4 cxd4
4.Nf3xd4 Ng8f6
5.Bf1d3 g6
6.c4 Bf8g7
7.Nb1c3 a6
8.O-O O-O
9.h3 Nb8d7
10.Bc1e3 e6
11.Qd1c2 Nd7e5
12.Bd3e2 Bc8d7
13.f4 Ne5c6
14.Nd4xc6 Bd7xc6
15.Be2f3 Ra8c8
16.Ra1d1 Qd8e7
17.Qc2f2 Nf6d7
18.Kh1 f5
19.exf5 gxf5
20.Rd1c1 Bc6xf3
21.Qf2xf3 Rc8xc4
22.Be3d2 e5
23.Nc3d5 Rc4xc1
24.Nd5xe7 Kh8
25.Bd2xc1 { resign }
1-0

[Event "Tourn. n8516"]
[Site "www.chess-mail.com"]
[Date "2016.02.09"]
[Round "1"]
[White "Julian"]
[Black "Expert"]
[WhiteElo "1930"]
[BlackElo "1850"]
[Result "1/2-1/2"]
[Round "1"]
1.e4 e5
2.Ng1f3 d6
3.d4 exd4
4.Nf3xd4 Ng8f6
5.Nb1c3 Bf8e7
6.Bf1c4 O-O
7.O-O Nb8c6
8.Bc1e3 Nc6e5
9.Bc4e2 c5
10.Nd4b3 Bc8e6
11.f3 Ne5c4
12.Be2xc4 Be6xc4
13.Rf1f2 b5
14.Nc3d5 Nf6xd5
15.exd5 Be7f6
16.c3 Rf8e8
17.Be3f4 Bf6e5
18.Bf4xe5 Re8xe5
19.Nb3d2 Bc4xd5
20.Nd2f1 Qd8e7
21.Nf1g3 Ra8e8
22.Rf2f1 Bd5c4
23.Rf1f2 Bc4xa2
24.Ng3e4 Ba2d5
25.Rf2d2 Bd5xe4
26.fxe4 Re5xe4
27.Rd2xd6 g6
28.Rd6d5 Qe7b7
29.Rd5xc5 Qb7b6
30.b4 Re4c4
31.Qd1d5 Re8d8
32.Qd5f3 Rc4xc5
33.bxc5 Qb6xc5
34.Kf1 Qc5c4
35.Kf2 Rd8d2
36.Kg1 Qc4c5
{ draw }
1/2-1/2

[Event "Tourn. n8564"]
[Site "www.chess-mail.com"]
[Date "2016.02.09"]
[Round "1"]
[White "Conde7"]
[Black "Rons"]
[WhiteElo "2840"]
[BlackElo "2590"]
[Result "1-0"]
[Round "1"]
1.e4 c5
2.Ng1f3 d6
3.d4 cxd4
4.Nf3xd4 Ng8f6
5.Nb1c3 a6
6.h3 e6
7.g4 Bf8e7
8.g5 Nf6d7
9.a3 b5
10.Bc1e3 Bc8b7
11.Qd1d2 Nb8c6
12.h4 Nc6xd4
13.Be3xd4 Nd7e5
14.Qd2e3 f5
15.f4 Ne5g4
16.Qe3g1 e5
17.Bd4b6 Qd8c8
18.O-O-O O-O
19.Bf1h3 g6
20.Kb1 exf4
21.h5 Ng4e5
22.hxg6 hxg6
23.Qg1h2 Kg7
24.Bb6d4 Qc8c7
25.Qh2xf4 Bb7xe4
26.Nc3xe4 fxe4
27.Qf4xe4 Ra8d8
28.Qe4e3 Kf7
29.Bh3g2 Ke8
30.Qe3e4 d5
31.Qe4xe5 Qc7xe5
32.Bd4xe5 Be7xg5
33.Rd1e1 Bg5e7
34.Rh1h6 { resign }
1-0

[Event "Tourn. n8550"]
[Site "www.chess-mail.com"]
[Date "2016.02.09"]
[Round "1"]
[White "Jjmcbride"]
[Black "Gatrooper"]
[WhiteElo "1640"]
[BlackElo "1640"]
[Result "1/2-1/2"]
[Round "1"]
1.e4 e5
2.Ng1f3 Nb8c6
3.d4 exd4
4.Nf3xd4 Nc6xd4
5.Qd1xd4 d6
6.c4 Ng8f6
7.e5 c5
8.Qd4e3 dxe5
9.Qe3xe5 Bf8e7
10.Bc1g5 Bc8e6
11.Nb1c3 Qd8b6
12.Nc3b5 O-O
13.O-O-O Nf6d7
14.Qe5g3 Be7xg5
15.Qg3xg5 a6
16.Nb5d6 Ra8d8
17.Bf1e2 f6
18.Qg5e3 Nd7e5
19.f4 Rd8xd6
20.fxe5 Rd6xd1
21.Rh1xd1 fxe5
22.Qe3xe5 Be6f5
23.g4 Bf5g6
24.h4 Qb6a5
25.h5 Bg6f7
26.g5 Rf8e8
27.Qe5h2 Qa5xa2
28.g6 hxg6
29.h6 Qa2a1
30.Kc2 Qa1a4
31.b3 Qa4a2
32.Kd3 Re8d8
33.Ke3 Qa2xb3
34.Be2d3 Rd8e8
35.Kd2 Qb3b2
36.Bd3c2 Re8d8
37.Ke1 Rd8e8
38.Kd2 Re8d8
39.Ke1 Rd8e8
40.Kd2 Re8d8
41.Ke1 Qb2c3
42.Rd1d2 Rd8e8
43.Kf1 Bf7xc4
44.Bc2d3 Bc4xd3

1/2-1/2

[Event "Tourn. n8523"]
[Site "www.chess-mail.com"]
[Date "2016.02.09"]
[Round "1"]
[White "Expert"]
[Black "Piekki"]
[WhiteElo "1900"]
[BlackElo "1840"]
[Result "0-1"]
[Round "1"]
1.c4 Ng8f6
2.Nb1c3 e5
3.g3 Bf8c5
4.Bf1g2 d6
5.Nc3d5 c6
6.Nd5xf6 Qd8xf6
7.e3 O-O
8.Ng1e2 Bc8g4
9.O-O Nb8d7
10.h3 Bg4h5
11.g4 Bh5g6
12.d4 Bc5b6
13.dxe5 Nd7xe5
14.Qd1b3 Ne5f3
15.Kh1 Nf3h4
16.Ne2f4 Nh4xg2
17.Kxg2 Rf8e8
18.Nf4xg6 Qf6xg6
19.Bc1d2 Ra8d8
20.Bd2c3 Qg6e4
21.Kg1 Qe4f3
22.Kh2 d5
23.cxd5 Bb6c7
24.Kg1 Qf3xh3
25.dxc6 Qh3h2

0-1

[Event "Tourn. n8521"]
[Site "www.chess-mail.com"]
[Date "2016.02.09"]
[Round "1"]
[White "Tonino1"]
[Black "Genius7"]
[WhiteElo "1990"]
[BlackElo "2090"]
[Result "1/2-1/2"]
[Round "1"]
1.d4 g6
2.Ng1f3 Bf8g7
3.e3 d6
4.Bf1d3 Ng8f6
5.Nb1d2 O-O
6.b3 c5
7.Bc1b2 cxd4
8.exd4 Nb8c6
9.a3 Qd8c7
10.O-O a6
11.Qd1e2 Bc8g4
12.h3 Bg4xf3
13.Nd2xf3 b5
14.Ra1c1 Qc7b6
15.c4 bxc4
16.bxc4 Ra8b8
17.Bb2a1 e6
18.c5 dxc5
19.dxc5 Qb6a5
20.Nf3e5 Nc6xe5
21.Ba1xe5 Rb8b3
22.Bd3xa6 Rb3xa3
23.Be5d6 Rf8e8
24.Ba6b5 Re8a8
25.c6 Ra8c8
26.Bd6xa3 Qa5xa3
27.c7 Nf6d5
28.Qe2d2 Bg7c3
29.Rc1xc3 Qa3xc3
30.Qd2a2 Qc3xc7
31.Rf1a1 Qc7f4
32.Qa2a3 Rc8c2
33.Ra1f1 Qf4d2
{ draw }
1/2-1/2

[Event "Tourn. n8596"]
[Site "www.chess-mail.com"]
[Date "2016.02.09"]
[Round "1"]
[White "Cathar"]
[Black "Pimax"]
[WhiteElo "2280"]
[BlackElo "2270"]
[Result "0-1"]
[Round "1"]
1.e4 e5
2.Ng1f3 Nb8c6
3.Bf1b5 a6
4.Bb5a4 d6
5.Ba4xc6 bxc6
6.d4 f6
7.Bc1e3 Ng8e7
8.Nb1c3 d5
9.dxe5 fxe5
10.Nf3xe5 Qd8d6
11.Ne5f3 Qd6b4
12.O-O dxe4
13.Nf3g5 Qb4xb2
14.Nc3xe4 Bc8f5
15.Be3d4 Qb2b5
16.Ra1b1 Qb5c4
17.Rf1e1 O-O-O
18.c3 h6
19.Rb1b4 Qc4d5
20.Qd1a4 a5
21.Ne4c5 Ne7g6
22.Ng5e4 Bf8xc5
23.Ne4xc5 Ng6f4
24.f3 Rd8e8
25.Re1xe8 Rh8xe8
26.Qa4xa5 Re8e1
27.Kf2 Nf4d3
28.Kg3 Qd5d6
29.Kh4 Qd6xh2
{ resign }
0-1

[Event "Tourn. n8609"]
[Site "www.chess-mail.com"]
[Date "2016.02.09"]
[Round "1"]
[White "Piekki"]
[Black "Attatroll"]
[WhiteElo "1900"]
[BlackElo "2020"]
[Result "1-0"]
[Round "1"]
1.e4 d5
2.exd5 Qd8xd5
3.Nb1c3 Qd5d8
4.d4 Ng8f6
5.Ng1f3 Bc8g4
6.Bf1c4 e6
7.Bc1g5 Bf8e7
8.Qd1d3 Bg4xf3
9.gxf3 h6
10.Bg5e3 Nb8c6
11.O-O-O Nc6b4
12.Qd3e2 Nf6d5
13.Nc3e4 O-O
14.Rh1g1 Kh8
15.c3 Nb4c6
16.Bc4d3 Nd5xe3
17.fxe3 f5
18.Qe2g2 g5
19.f4 fxe4
20.Qg2xe4 Rf8f7
21.fxg5 Be7xg5
22.h4 Bg5e7
23.Qe4xe6 Rf7f6
24.Qe6e4 Qd8f8
25.Qe4h7 
1-0

[Event "Match"]
[Site "www.echecsemail.com"]
[Date "2016.02.09"]
[Round "1"]
[White "Wagner"]
[Black "Nugun"]
[WhiteElo "1720"]
[BlackElo "1700"]
[Result "0-1"]
[Round "1"]
1.e4 c6
2.Nb1c3 d5
3.exd5 cxd5
4.d4 Nb8c6
5.h3 Ng8f6
6.Bf1d3 Nc6xd4
7.Bc1e3 Nd4c6
8.Be3f4 e5
9.Qd1e2 Bf8d6
10.Bf4g5 Nc6d4
11.Qe2d2 Bc8d7
12.Nc3xd5 Bd6e7
13.Ra1c1 Bd7c6
14.c4 Bc6xd5
15.cxd5 Qd8xd5
16.f3 O-O
17.Bg5e3 Nd4c6
18.a3 Ra8d8
19.Rc1c4 Qd5xd3
20.Qd2c1 Nf6d5
21.Rc4e4 Nd5xe3
22.Re4xe3 Be7h4
{ resign }
0-1

[Event "Match"]
[Site "www.echecsemail.com"]
[Date "2016.02.09"]
[Round "1"]
[White "Ssharp"]
[Black "Mitja"]
[WhiteElo "2250"]
[BlackElo "1900"]
[Result "1-0"]
[Round "1"]
1.e4 d5
2.exd5 Qd8xd5
3.Nb1c3 Qd5d8
4.d4 e6
5.Ng1f3 c6
6.Bf1d3 h6
7.Bc1d2 Ng8f6
8.O-O Nb8d7
9.Nc3e2 Nd7b6
10.c4 Bf8e7
11.Ne2g3 Qd8c7
12.Ra1c1 O-O
13.Bd3b1 Rf8e8
14.Rf1e1 Nb6d7
15.Qd1c2 Nd7f8
16.b4 b6
17.a4 Bc8b7
18.h3 a6
19.c5 bxc5
20.bxc5 Nf6d5
21.Re1e4 Kh8
22.Ng3h5 Nd5f6
23.Bd2f4 Qc7d7
24.Nf3e5 Qd7c8
25.Nh5xf6 gxf6
26.Ne5xf7 Kg7
27.Nf7xh6 f5
28.Re4e2 Nf8g6
29.Bf4d2 Be7f6
30.g4 Qc8d7
31.Bd2e3 Qd7e7
32.Nh6xf5 { resign }
1-0

[Event "Match"]
[Site "www.echecsemail.com"]
[Date "2016.02.09"]
[Round "1"]
[White "Cardiff"]
[Black "Tonino1"]
[WhiteElo "1950"]
[BlackElo "1990"]
[Result "0-1"]
[Round "1"]
1.e4 c5
2.g3 Nb8c6
3.Bf1g2 e6
4.Ng1e2 d6
5.d4 cxd4
6.Ne2xd4 g6
7.Nb1c3 Bf8g7
8.Bc1e3 Ng8f6
9.h3 O-O
10.O-O a6
11.Nd4xc6 bxc6
12.Qd1e2 Ra8b8
13.Ra1b1 Nf6d7
14.Rf1d1 Qd8c7
15.Be3d4 e5
16.Bd4e3 Rf8d8
17.b4 Nd7b6
18.a3 Bc8e6
19.Be3xb6 Qc7xb6
20.Rd1d2 f5
21.Rb1d1 f4
22.g4 Bg7f8
23.Bg2f3 g5
24.Kg2 Qb6b7
25.Rd1b1 Bf8g7
26.Rb1d1 Bg7f8
27.Qe2e1 Rd8d7
28.Qe1e2 Rb8d8
29.Rd1b1 Bf8g7
30.Rb1d1 d5
31.exd5 cxd5
32.Kg1 e4
{ resign }
0-1

[Event "Match"]
[Site "www.echecsemail.com"]
[Date "2016.02.09"]
[Round "1"]
[White "Fabos12"]
[Black "Mdesouza"]
[WhiteElo "1670"]
[BlackElo "2160"]
[Result "0-1"]
[Round "1"]
1.Ng1f3 Ng8f6
2.d4 d5
3.c4 e6
4.Nb1c3 Bf8e7
5.Bc1g5 O-O
6.Bg5xf6 Be7xf6
7.cxd5 exd5
8.e3 c6
9.Bf1d3 Bc8g4
10.Qd1c2 g6
11.Nf3d2 c5
12.f3 cxd4
13.exd4 Rf8e8
14.Nc3e2 Nb8c6
15.fxg4 Nc6xd4
16.Qc2a4 Re8e3
17.O-O-O Re3xd3
18.Ne2xd4 Rd3xd4
19.Qa4b5 Qd8e7
20.Nd2b3 Qe7e4
21.Nb3xd4 Ra8c8
22.Kd2 Bf6g5

0-1

[Event "Match"]
[Site "www.echecsemail.com"]
[Date "2016.02.09"]
[Round "1"]
[White "Cardiff"]
[Black "Pinehill"]
[WhiteElo "2000"]
[BlackElo "2080"]
[Result "1-0"]
[Round "1"]
1.d4 Ng8f6
2.c4 e6
3.Nb1c3 Bf8b4
4.e3 O-O
5.Bc1d2 d5
6.Ng1f3 c5
7.dxc5 Bb4xc5
8.Bf1e2 Nb8c6
9.O-O a6
10.cxd5 Nf6xd5
11.Ra1c1 Bc5b4
12.Nc3xd5 Bb4xd2
13.Qd1xd2 exd5
14.Nf3d4 Bc8e6
15.Nd4xc6 bxc6
16.Rc1xc6 a5
17.Rf1c1 Qd8h4
18.g3 Qh4h3
19.Be2f1 Qh3h6
20.Bf1g2 Rf8d8
21.Rc1c5 a4
22.Rc5a5 Rd8b8
23.Ra5xa8 Rb8xa8
24.Bg2xd5 Ra8d8
25.Bd5xe6 { resign }
1-0

[Event "Match"]
[Site "www.echecsemail.com"]
[Date "2016.02.09"]
[Round "1"]
[White "Neoncrash"]
[Black "Calponas"]
[WhiteElo "1930"]
[BlackElo "2110"]
[Result "0-1"]
[Round "1"]
1.d4 f5
2.Nb1c3 Ng8f6
3.Bc1g5 e6
4.e4 fxe4
5.Nc3xe4 Bf8e7
6.Bg5xf6 Be7xf6
7.Ng1f3 O-O
 { time }
0-1

[Event "Match"]
[Site "www.echecsemail.com"]
[Date "2016.02.09"]
[Round "1"]
[White "Genius7"]
[Black "Witpar"]
[WhiteElo "2150"]
[BlackElo "2700"]
[Result "0-1"]
[Round "1"]
1.d4 d5
2.Ng1f3 Ng8f6
3.c4 c6
4.cxd5 cxd5
5.Nb1c3 Nb8c6
6.g3 Bc8f5
7.Bf1g2 e6
8.O-O Bf8e7
9.Bc1g5 O-O
10.Bg5xf6 Be7xf6
11.a3 Qd8b6
12.Nc3a4 Qb6b5
13.b4 a5
14.Na4c3 Qb5c4
{ resign }
0-1

[Event "1/32 Finale"]
[Site "www.chess-mail.com"]
[Date "2016.02.09"]
[Round "1"]
[White "Genius9"]
[Black "Amaya"]
[WhiteElo "1750"]
[BlackElo "2080"]
[Result "0-1"]
[Round "1"]
1.c4 Ng8f6
2.Nb1c3 g6
3.d4 Bf8g7
4.e4 d6
5.f4 O-O
6.Ng1f3 Nb8d7
7.Bf1e2 Nd7b6
8.O-O Bc8d7
9.e5 Nf6e8
10.Bc1e3 Bd7g4
11.b3 Qd8c8
12.Qd1d2 dxe5
13.fxe5 c6
14.Be3h6 Bg7xh6
15.Qd2xh6 Bg4xf3
16.Rf1xf3 Ne8g7
17.Rf3h3 f6
18.Qh6xh7 Kf7
19.exf6 exf6
20.Be2d3 f5
21.Ra1e1 Qc8d7
22.Qh7h4 Ra8e8
23.Rh3e3 Re8xe3
24.Re1xe3 Rf8e8
25.Re3xe8 Qd7xe8
26.Qh4f2 Kg8
27.h3 Nb6d7
28.Kf1 Nd7f6
29.Qf2e2 Qe8d8
30.Qe2f2 Ng7e6
31.Nc3e2 a6
32.Qf2e3 Qd8d7
33.Qe3e5 Kf7
34.Qe5e3 Qd7d6
35.Kg1 f4
36.Qe3f2 g5
37.Bd3f5 Ne6g7
38.Bf5c2 Ng7h5
39.Qf2f3 Qd6a3
40.Qf3d3 Nh5g3
41.Ne2xg3 fxg3
42.Qd3xg3 Qa3c1
43.Kh2 Qc1xc2
44.Qg3xg5 Qc2xa2
{ resign }
0-1

[Event "1/128 Finale"]
[Site "www.chess-mail.com"]
[Date "2016.02.09"]
[Round "1"]
[White "Gatrooper"]
[Black "Snoopy"]
[WhiteElo "1650"]
[BlackElo "2359"]
[Result "0-1"]
[Round "1"]
1.e4 b6
2.d4 Bc8b7
3.d5 e6
4.dxe6 fxe6
5.e5 Ng8e7
6.Ng1f3 Ne7g6
7.Nb1c3 Nb8c6
8.Bc1g5 Bf8e7
9.Bg5xe7 Qd8xe7
10.Bf1e2 Nc6xe5
11.Nf3xe5 Ng6xe5
12.Be2f3 Ne5xf3
13.gxf3 O-O
14.Qd1d3 Rf8xf3
15.Qd3f1 Ra8f8
16.O-O-O Rf3xf2
17.Qf1d3 Bb7xh1
18.Rd1xh1 Qe7g5
19.Kd1 Rf2xh2
20.Rh1xh2 Qg5g1
21.Kd2 Qg1xh2
22.Nc3e2 Qh2d6
23.Ne2d4 c5
24.Nd4b5 Qd6xd3
25.cxd3 g5
26.Nb5c3 g4
27.Nc3e2 h5
28.Ne2g1 h4
29.Ng1e2 g3
30.Ne2g1 Rf8f1
31.Ng1h3 g2
32.Kc3 g1Q
33.Nh3xg1 Rf1xg1
34.a4 h3
35.b4 h2
36.bxc5 Rg1c1
37.Kd2 h1Q
38.Ke3 Qh1e1
39.Kd4 bxc5

0-1

[Event "Eq:Royal chess-Los Tercios : "]
[Site "www.chess-mail.com"]
[Date "2016.02.09"]
[Round "1"]
[White "Osmundw"]
[Black "Shihchuliao"]
[WhiteElo "1400"]
[BlackElo "2070"]
[Result "0-1"]
[Round "1"]
1.d4 d5
2.Nb1c3 c6
3.Bc1d2 Ng8f6
4.g3 Bc8f5
5.Ng1f3 Nf6e4
6.e3 g5
7.Nf3xg5 Ne4xg5
8.Bf1d3 Ng5e4
9.Nc3xe4 dxe4
10.f3 exd3
11.cxd3 Bf5xd3
12.e4 Qd8xd4
13.Ra1b1 Bd3xb1
14.Qd1xb1 Nb8a6
15.Bd2c3 Qd4e3
16.Kd1 Qe3xf3
17.Kc2 Qf3xe4
18.Kc1 Qe4xh1
19.Kc2 Qh1xh2
20.Bc3d2 Bf8h6
21.Qb1e1 Ra8d8
22.g4 Rd8xd2
23.Qe1xd2 Na6b4
24.Kb3 Qh2xd2
{ resign }
0-1

[Event "Eq:La Taverne-Los Tercios : "]
[Site "www.chess-mail.com"]
[Date "2016.02.09"]
[Round "1"]
[White "Azorau"]
[Black "Traub"]
[WhiteElo "1910"]
[BlackElo "1610"]
[Result "1-0"]
[Round "1"]
1.e4 e6
2.Ng1f3 d5
3.e5 c5
4.d4 Nb8c6
5.Bf1b5 a6
6.Bb5xc6 bxc6
7.Bc1g5 Bf8e7
8.Qd1d2 cxd4
9.Bg5xe7 Ng8xe7
10.Qd2xd4 Bc8b7
{ time. }
1-0

[Event "Tourn. n8620"]
[Site "www.chess-mail.com"]
[Date "2016.02.10"]
[Round "1"]
[White "Cal"]
[Black "Redabond"]
[WhiteElo "1610"]
[BlackElo "1600"]
[Result "1-0"]
[Round "1"]
1.d4 d5
2.h3 Bc8f5
3.Nb1c3 Nb8c6
4.a3 Ng8f6
5.Bc1f4 e6
6.e3 Bf8d6
7.Ng1f3 O-O
8.b4 Bd6xf4
9.exf4 Nf6e4
10.Bf1d3 Ne4xc3
11.Qd1d2 Bf5xd3
12.Qd2xc3 Bd3e4
13.Nf3g5 Be4xg2
14.Rh1h2 Bg2e4
15.O-O-O h6
16.Ng5xe4 dxe4
17.Rh2g2 f5
18.d5 exd5
19.Qc3xg7 { resign }
1-0

[Event "Tourn. n8594"]
[Site "www.chess-mail.com"]
[Date "2016.02.10"]
[Round "1"]
[White "Xkafi"]
[Black "Piekki"]
[WhiteElo "1930"]
[BlackElo "1860"]
[Result "0-1"]
[Round "1"]
1.e4 c5
2.Bf1c4 Nb8c6
3.c3 Ng8f6
4.d3 e6
5.Ng1f3 d5
6.exd5 exd5
7.Bc4b5 Bf8e7
8.O-O O-O
9.h3 Bc8f5
10.Rf1e1 Qd8c7
11.Bb5xc6 bxc6
12.Nf3h4 Bf5e6
13.f4 Nf6d7
14.Nh4f3 Be7d6
15.Qd1d2 Ra8b8
16.Nf3g5 Rb8e8
17.Qd2f2 Be6f5
18.Re1xe8 Rf8xe8
19.g4 Bf5xd3
20.Qf2g3 c4
21.Nb1a3 Bd6c5
22.Kh1 Re8e2
23.Qg3h4 Nd7f6
24.Ng5f3 Bc5f2
25.Qh4g5 Bd3e4
{ resign }
0-1

[Event "Tourn. n8544"]
[Site "www.chess-mail.com"]
[Date "2016.02.10"]
[Round "1"]
[White "Crull"]
[Black "Knightjumper"]
[WhiteElo "1600"]
[BlackElo "1690"]
[Result "1-0"]
[Round "1"]
1.d4 d5
2.c4 e6
3.Nb1c3 Ng8f6
4.Ng1f3 dxc4
5.Bc1f4 c6
6.e3 Bf8b4
7.Bf1xc4 O-O
8.O-O Bb4xc3
9.bxc3 Nf6d5
10.Bc4xd5 exd5
11.Qd1d3 f5
12.Bf4g5 Qd8e8
13.Nf3e5 Nb8d7
14.Bg5f4 Nd7f6
15.Ne5f3 Nf6e4
16.c4 Bc8e6
17.Nf3e5  { time }
1-0

[Event "Tourn. n8624"]
[Site "www.chess-mail.com"]
[Date "2016.02.10"]
[Round "1"]
[White "Biggles"]
[Black "Cal"]
[WhiteElo "1719"]
[BlackElo "1630"]
[Result "1-0"]
[Round "1"]
1.e4 e5
2.Ng1f3 d6
3.Bf1c4 h6
4.Nb1c3 a6
5.O-O c6
6.d4 exd4
7.Qd1xd4 Ng8f6
8.e5 c5
9.Qd4d3 Nf6d7
10.exd6 Nb8c6
11.Rf1e1 Bf8e7
12.dxe7 Nc6xe7
13.Nc3d5 b5
14.Nd5xe7 bxc4
15.Ne7g6 Nd7e5
16.Re1xe5 Bc8e6
17.Re5xe6 fxe6
18.Qd3xd8 Ra8xd8
19.Bc1e3 Rh8g8
20.Be3xc5 Rd8d5
21.Bc5a3 Rd5f5
22.Ra1d1 a5
23.Nf3e5 h5
24.Ba3c5 a4
25.Bc5b6 Rf5xe5
26.Ng6xe5 g5
27.Rd1d8 { resign }
1-0

[Event "Tourn. n8514"]
[Site "www.chess-mail.com"]
[Date "2016.02.10"]
[Round "1"]
[White "Julian"]
[Black "Falcoale"]
[WhiteElo "1930"]
[BlackElo "1890"]
[Result "1-0"]
[Round "1"]
1.e4 c5
2.Ng1f3 e6
3.c3 Ng8f6
4.e5 Nf6d5
5.d4 Nb8c6
6.Bf1d3 cxd4
7.cxd4 Bf8b4
8.Bc1d2 O-O
9.Nb1c3 Nd5xc3
10.bxc3 Bb4e7
11.O-O f6
12.Rf1e1 f5
13.c4 Nc6b4
14.Bd3f1 b6
15.Bd2c3 a5
16.a3 Nb4c6
17.d5 Nc6a7
18.Nf3d4 Bc8b7
19.dxe6 Bb7c6
20.exd7 Qd8xd7
21.Nd4xc6 Qd7xc6
22.Qd1d5 Qc6xd5
23.cxd5 Rf8d8
24.Bf1c4 b5
25.Bc4b3 b4
26.axb4 Na7b5
27.d6 Kh8
28.dxe7 Rd8e8
29.Bc3d2 Re8xe7
30.Bb3c4 Nb5d4
31.Ra1xa5 Ra8c8
32.Bc4d3 Nd4b3
33.Ra5a2 g6
34.Bd2g5 Re7c7
35.Bg5f6 Rc7g7
36.e6 Rc8f8
37.e7 { resign }
1-0

[Event "Tourn. n8509"]
[Site "www.chess-mail.com"]
[Date "2016.02.10"]
[Round "1"]
[White "Cardiff"]
[Black "Julian"]
[WhiteElo "1950"]
[BlackElo "1930"]
[Result "1/2-1/2"]
[Round "1"]
1.e4 c5
2.Nb1c3 d6
3.Ng1f3 Ng8f6
4.d4 cxd4
5.Nf3xd4 a6
6.h3 b5
7.a3 e5
8.Nd4f3 Bc8b7
9.Bf1d3 Nb8d7
10.O-O Bf8e7
11.Rf1e1 O-O
12.Nc3e2 d5
13.Ne2g3 dxe4
14.Ng3xe4 Nf6xe4
15.Bd3xe4 Bb7xe4
16.Re1xe4 Qd8c7
17.c3 Be7f6
18.Bc1g5 Bf6xg5
19.Nf3xg5 Ra8d8
20.Qd1c2 Qc7b6
21.Re4xe5 Qb6g6
22.Qc2xg6 hxg6
23.Re5d5 Nd7b6
24.Rd5xd8 Rf8xd8
25.Ng5f3 Nb6c4
26.b3 Nc4a5
27.Nf3d4 Kf8
28.Kf1 Ke7
29.Ra1e1 Kf6
30.f4 Na5b7
31.Kf2 Nb7c5
32.Re1b1 Nc5e4
33.Ke3 Ne4xc3
34.Rb1c1 Nc3d5
35.Ke4 { draw }
1/2-1/2

[Event "Tourn. n8568"]
[Site "www.chess-mail.com"]
[Date "2016.02.10"]
[Round "1"]
[White "Azulmarino"]
[Black "Gatrooper"]
[WhiteElo "1690"]
[BlackElo "1630"]
[Result "1-0"]
[Round "1"]
1.e4 e5
2.Ng1f3 Nb8c6
3.Bf1c4 d6
4.Nb1c3 Bc8e6
5.d3 Be6xc4
6.dxc4 Ng8f6
7.Bc1g5 Bf8e7
8.O-O Nf6g4
9.h3 Be7xg5
10.Nc3d5 Nc6e7
11.hxg4 Ne7xd5
12.Qd1xd5 c6
13.Qd5d3 a6
14.Ra1d1 Bg5f4
15.g3 Bf4h6
16.Qd3a3 O-O
17.Nf3xe5 Qd8e7
18.Ne5f3 Qe7xe4
19.Rd1xd6 Qe4e7
20.Rf1e1 Qe7c7
21.Nf3e5 c5
22.Rd6d7 Qc7b6
23.Qa3d3 Ra8d8
24.Ne5f3 g6
25.g5 Rd8xd7
26.Qd3xd7 Rf8d8
27.Re1e8 Rd8xe8
28.Qd7xe8 Kg7
29.gxh6 Kf6
30.Qe8e5 { resign }
1-0